[Event "DLM 2010"]
[Site "Stuttgart GER"]
[Date "2010.11.17"]
[Round "1"]
[White "Müller, Denis"]
[Black "Petermann, Michail"]
[Result "0-1"]
[Termination "normal"]
[Board "4.2"]
[WhiteElo "1959"]
[BlackElo "2139"]
[WhiteTeam "Saarland"]
[BlackTeam "Baden"]
[WhiteFideId "4696140"]
[BlackFideId "24643530"]
[EventCountry "GER"]
[EventRounds "7"]
[EventType "team-swiss"]
[EventDate "2010.11.16"]

1. e4 e5 2. Nf3 Nc6 3. Bb5 a6 4. Ba4 Nf6 5. O-O Be7 6. Re1 b5 7. Bb3 O-O 8. c3
d5 9. exd5 Nxd5 10. Nxe5 Nxe5 11. Rxe5 Nf6 12. d4 Bd6 13. Re1 Ng4 14. g3 Nxh2
15. Bd5 Bxg3 16. fxg3 Qxd5 17. Kxh2 Bb7 18. Rg1 Rae8 0-1

[Event "DLM 2010"]
[Site "Stuttgart GER"]
[Date "2010.11.17"]
[Round "1"]
[White "Noe, Christopher"]
[Black "Frischmann, Rick"]
[Result "1-0"]
[Termination "normal"]
[Board "4.3"]
[WhiteElo "1859"]
[BlackElo "1906"]
[WhiteTeam "Baden"]
[BlackTeam "Saarland"]
[WhiteFideId "24692018"]
[BlackFideId "24660752"]
[EventCountry "GER"]
[EventRounds "7"]
[EventType "team-swiss"]
[EventDate "2010.11.16"]

1. c4 Nf6 2. Nc3 g6 3. g3 Bg7 4. Bg2 O-O 5. e3 d6 6. Nge2 c5 7. O-O Nbd7 8. b3
a6 9. Bb2 Rb8 10. a4 Ne8 11. d4 Nc7 12. dxc5 Nxc5 13. b4 Nd7 14. Nd4 Ne5 15.
Qb3 Bd7 16. Rfd1 Re8 17. Rac1 a5 18. b5 Ne6 19. Nxe6 Bxe6 20. Nd5 Nd7 21. Bd4
Bxd4 22. exd4 Bxd5 23. Bxd5 e6 24. Bg2 Qc7 25. Rd2 Rbc8 26. Rdc2 e5 27. c5 dxc5
28. dxc5 Nf8 29. b6 Qe7 30. Qb5 Ne6 31. Qxa5 Nd4 32. Rb2 e4 33. Qc3 Red8 34. a5
Rd5 35. a6 bxa6 36. b7 Rb8 37. c6 Qc7 38. Bxe4 Rd6 39. Qa3 Re6 40. Qd3 Nb5 41.
Rxb5 axb5 42. Qd7 Rxb7 43. cxb7 Qxd7 44. b8=Q+ Re8 45. Qb7 Qd4 46. Rc8 1-0

[Event "DLM 2010"]
[Site "Stuttgart GER"]
[Date "2010.11.17"]
[Round "1"]
[White "Holle, Cedric"]
[Black "Frey, Alisa"]
[Result "0-1"]
[Termination "normal"]
[Board "4.4"]
[WhiteElo "1780"]
[BlackElo "2045"]
[WhiteTeam "Saarland"]
[BlackTeam "Baden"]
[WhiteFideId "24692158"]
[BlackFideId "24634662"]
[EventCountry "GER"]
[EventRounds "7"]
[EventType "team-swiss"]
[EventDate "2010.11.16"]

1. e4 e5 2. Nf3 Nc6 3. d4 exd4 4. Nxd4 Bc5 5. Be3 Qf6 6. c3 Nge7 7. Bc4 Ne5 8.
Bb3 Qg6 9. O-O d6 10. Nd2 Bh3 11. g3 Bxf1 12. Qxf1 O-O 13. Re1 Kh8 14. Bc2 Bb6
15. Nf5 Nxf5 16. exf5 Qh5 17. Bxb6 axb6 18. f4 Nc6 19. a3 Rae8 20. Kg2 Ne7 21.
f6 gxf6 22. Ne4 Ng8 23. Rd1 d5 24. Nf2 Re2 25. Bb3 c6 26. Rd3 Rfe8 27. Bd1 Nh6
28. h3 Rxf2+ 29. Qxf2 Qf5 30. Bc2 Qe6 31. g4 c5 32. Rd2 Kg7 33. f5 Qc6 34. Qf3
Re5 35. Bb3 c4 36. Bd1 Ng8 37. Qf2 Ne7 38. Bf3 Qc5 39. Qd4 Kf8 40. Qxc5 bxc5
41. Rd1 b5 42. Kg3 Ke8 43. a4 bxa4 44. Ra1 d4 45. cxd4 cxd4 46. Rxa4 Rc5 47.
Kf4 c3 48. bxc3 dxc3 49. Ra1 Nd5+ 50. Bxd5 Rxd5 51. Ke3 Rd2 52. Rc1 Rh2 53.
Rxc3 Rxh3+ 54. Kd4 Rxc3 55. Kxc3 Kd7 56. Kd3 Kd6 57. Kd4 h6 58. Kd3 Ke5 59. Ke3
h5 60. gxh5 Kxf5 61. Kf3 Kg5 62. Ke4 f5+ 63. Ke5 f6+ 0-1

[Event "DLM 2010"]
[Site "Stuttgart GER"]
[Date "2010.11.17"]
[Round "1"]
[White "Schuhmacher, Jakob"]
[Black "Brühan, Caren"]
[Result "1-0"]
[Termination "normal"]
[Board "4.5"]
[WhiteElo "1796"]
[BlackElo "1683"]
[WhiteTeam "Baden"]
[BlackTeam "Saarland"]
[WhiteFideId "4612787"]
[BlackFideId "24691976"]
[EventCountry "GER"]
[EventRounds "7"]
[EventType "team-swiss"]
[EventDate "2010.11.16"]

1. d4 d5 2. c4 c6 3. e3 g6 4. Nf3 Bg7 5. Nc3 Nf6 6. Be2 O-O 7. O-O Bg4 8. b3
Nbd7 9. Bb2 Re8 10. Rc1 Rc8 11. h3 Be6 12. Re1 c5 13. Ng5 Nf8 14. dxc5 dxc4 15.
Nxe6 Nxe6 16. b4 a5 17. a3 Qc7 18. Bxc4 Red8 19. Qb3 axb4 20. axb4 Qc6 21. Bxe6
fxe6 22. Red1 Nd5 23. Nxd5 exd5 24. Bxg7 Kxg7 25. Qc3+ Kg8 26. Qb3 e6 27. b5
Qd7 28. e4 Qf7 29. exd5 exd5 30. Qb4 Qe7 31. Qd4 Qf7 32. Re1 Rd7 33. Rcd1 Qf8
34. Qg4 Rf7 35. Rxd5 Rxc5 36. Qd4 Rc8 37. Rd7 Rg7 38. Qxg7+ Qxg7 39. Rxg7+ Kxg7
40. Re7+ Kf6 41. Rxb7 h6 42. b6 1-0

[Event "DLM 2010"]
[Site "Stuttgart GER"]
[Date "2010.11.17"]
[Round "1"]
[White "Alt, Elisabeth"]
[Black "Kühnel, Lena"]
[Result "0-1"]
[Termination "normal"]
[Board "4.6"]
[WhiteElo "1386"]
[BlackElo "1865"]
[WhiteTeam "Saarland"]
[BlackTeam "Baden"]
[WhiteFideId "24692620"]
[BlackFideId "24640956"]
[EventCountry "GER"]
[EventRounds "7"]
[EventType "team-swiss"]
[EventDate "2010.11.16"]

1. e4 e5 2. Nf3 Nc6 3. d4 exd4 4. Nxd4 Bc5 5. Be3 Qf6 6. c3 Nge7 7. Bc4 Ne5 8.
Be2 d5 9. Nd2 Qg6 10. Qc2 Bd7 11. O-O-O O-O-O 12. Nf5 Nxf5 13. Bxc5 dxe4 14.
Nxe4 b6 15. Ba6+ Kb8 16. Qb3 Qc6 17. Qb4 b5 18. Bxa7+ Kxa7 19. Nc5 Nd6 20. Qd4
Nec4 21. Nxd7+ Kxa6 22. Nc5+ Ka7 23. Ne6+ Kb7 24. Nxd8+ Rxd8 25. Qxg7 Qe4 26.
Qg5 Qe2 0-1

[Event "DLM 2010"]
[Site "Stuttgart GER"]
[Date "2010.11.17"]
[Round "1"]
[White "Wiesner, Paula"]
[Black "Müller, Max"]
[Result "1-0"]
[Termination "normal"]
[Board "4.7"]
[WhiteElo "1804"]
[BlackElo "1298"]
[WhiteTeam "Baden"]
[BlackTeam "Saarland"]
[WhiteFideId "24654019"]
[BlackFideId "12900486"]
[EventCountry "GER"]
[EventRounds "7"]
[EventType "team-swiss"]
[EventDate "2010.11.16"]

1. e4 e6 2. d4 d5 3. Nd2 Nf6 4. e5 Nfd7 5. Bd3 c5 6. c3 Nc6 7. Ne2 Qb6 8. Nf3
Be7 9. O-O O-O 10. Bb1 f6 11. exf6 Nxf6 12. Qc2 Qc7 13. Ng5 g6 14. Nxh7 Kxh7
15. Qxg6+ Kh8 16. f4 Bd8 17. Qh6+ Kg8 18. Rf3 Rf7 19. Rh3 Rg7 20. Bg6 Kf8 21.
f5 exf5 22. Bf4 Qe7 23. Qh8+ Rg8 24. Bh6+ 1-0

[Event "DLM 2010"]
[Site "Stuttgart GER"]
[Date "2010.11.17"]
[Round "1"]
[White "Müller, Sophie"]
[Black "Reiß, Michael"]
[Result "0-1"]
[Termination "normal"]
[Board "4.8"]
[WhiteElo "1168"]
[BlackElo "1617"]
[WhiteTeam "Saarland"]
[BlackTeam "Baden"]
[WhiteFideId "12926698"]
[EventCountry "GER"]
[EventRounds "7"]
[EventType "team-swiss"]
[EventDate "2010.11.16"]

1. d4 Nf6 2. c4 e6 3. Nc3 d5 4. e3 Bb4 5. Qa4+ Nc6 6. Nf3 O-O 7. Bd2 Qe7 8. Bd3
Bd7 9. Qc2 h6 10. O-O Rfe8 11. Ne5 Nxe5 12. dxe5 dxc4 13. Bxc4 Nh7 14. Rfd1 Bc6
15. Bb5 Qc5 16. Bxc6 Qxc6 17. Rac1 Rac8 18. Ne2 Qb6 19. Bxb4 Qxb4 20. Rd7 Qb5
21. Rcd1 Qxe5 22. R1d3 Nf6 23. R7d4 Nd5 24. Qd2 c5 25. Rc4 Nb6 26. Rc2 Qc7 27.
Rdc3 Red8 28. Qc1 Qd6 29. g3 Qd1+ 30. Kg2 Qxc1 31. Rxc1 Rd2 32. Nf4 Rxb2 33. a3
Nd7 34. Nd3 Ra2 35. Nxc5 Nxc5 36. Rxc5 Rxc5 37. Rxc5 Rxa3 38. Rc8+ Kh7 39. Rc7
b5 40. Rb7 a6 41. Rxf7 b4 42. Rb7 b3 43. Rb6 a5 44. Rxe6 b2 45. Rb6 Ra2 46. e4
a4 47. e5 a3 48. e6 Ra1 49. e7 Re1 50. Rb7 a2 51. Rxb2 a1=Q 52. e8=Q Rxe8 53.
Rd2 Qc1 54. Rd6 Qe1 55. Kh3 Qxf2 56. Rc6 Re2 57. Kg4 Qxh2 58. Rc3 h5+ 59. Kg5
Rg2 60. Kf5 Rxg3 0-1

[Event "DLM 2010"]
[Site "Stuttgart GER"]
[Date "2010.11.17"]
[Round "1"]
[White "Weber, Max"]
[Black "Kartsev, Alexandr"]
[Result "1/2-1/2"]
[Termination "normal"]
[Board "5.1"]
[WhiteElo "2004"]
[BlackElo "2183"]
[WhiteTeam "Mecklenburg-Vorpommern"]
[BlackTeam "Nordrhein-Westfalen"]
[WhiteFideId "4624831"]
[BlackFideId "24647110"]
[EventCountry "GER"]
[EventRounds "7"]
[EventType "team-swiss"]
[EventDate "2010.11.16"]

1. d4 d5 2. c4 e6 3. Nf3 Nf6 4. g3 dxc4 5. Bg2 c5 6. O-O Nc6 7. Qa4 Bd7 8. Qxc4
cxd4 9. Nxd4 Rc8 10. Nc3 Nxd4 11. Qxd4 Bc5 12. Qf4 Bc6 13. Rd1 Qe7 14. Bxc6+
bxc6 15. Be3 Bxe3 16. Qxe3 O-O 17. Ne4 Nd5 18. Qc5 Qxc5 19. Nxc5 Rfd8 20. Rac1
Kf8 21. Kg2 1/2-1/2

[Event "DLM 2010"]
[Site "Stuttgart GER"]
[Date "2010.11.17"]
[Round "1"]
[White "Kahleys, Kevin"]
[Black "Lehmann, Ruben"]
[Result "1-0"]
[Termination "normal"]
[Board "5.2"]
[WhiteElo "2123"]
[BlackElo "1892"]
[WhiteTeam "Nordrhein-Westfalen"]
[BlackTeam "Mecklenburg-Vorpommern"]
[WhiteFideId "24669601"]
[BlackFideId "24671177"]
[EventCountry "GER"]
[EventRounds "7"]
[EventType "team-swiss"]
[EventDate "2010.11.16"]

1. Nf3 d5 2. d4 Nf6 3. c4 c6 4. Qc2 e6 5. Nbd2 Nbd7 6. g3 Bd6 7. Bg2 O-O 8. O-O
Re8 9. e4 dxe4 10. Ng5 e5 11. Ndxe4 Bc7 12. dxe5 Bxe5 13. Rd1 g6 14. Be3 Qe7
15. Re1 h6 16. Nxf6+ Nxf6 17. Nf3 Bf5 18. Qb3 Ng4 19. Bxh6 Qc5 20. Be3 Nxe3 21.
Rxe3 Bc7 22. Qxb7 Bb6 23. Ng5 Rf8 24. Nxf7 Qxc4 25. Nh6+ Kh8 26. Re7 Bxf2+ 27.
Kh1 1-0

[Event "DLM 2010"]
[Site "Stuttgart GER"]
[Date "2010.11.17"]
[Round "1"]
[White "Schreiber, Kevin"]
[Black "Mundorf, Johannes"]
[Result "1/2-1/2"]
[Termination "normal"]
[Board "5.3"]
[WhiteElo "1755"]
[BlackElo "1952"]
[WhiteTeam "Mecklenburg-Vorpommern"]
[BlackTeam "Nordrhein-Westfalen"]
[WhiteFideId "24655830"]
[BlackFideId "24672491"]
[EventCountry "GER"]
[EventRounds "7"]
[EventType "team-swiss"]
[EventDate "2010.11.16"]

1. d4 e6 2. Bf4 f5 3. e3 Nf6 4. Nd2 b6 5. Ngf3 Bb7 6. Bd3 Be7 7. h3 O-O 8. O-O
Be4 9. Qe2 c5 10. c3 d5 11. Ng5 Bxd3 12. Qxd3 Qd7 13. Ngf3 Nc6 14. a4 Bd6 15.
Bxd6 Qxd6 16. Rfd1 c4 17. Qc2 Ne4 18. Rf1 Rac8 19. Ne1 g5 20. Nxe4 fxe4 21. f3
Ne7 22. Qd2 Nf5 23. fxe4 dxe4 24. Nc2 a6 25. Rae1 Kg7 26. Qd1 Qg3 27. Qg4 Qxg4
28. hxg4 Nh6 29. a5 b5 30. Rxf8 Kxf8 31. Nb4 Ra8 32. d5 Ke7 33. Kf2 Nxg4+ 34.
Ke2 h5 35. Rd1 Ne5 36. Rd4 Nd3 37. Rxe4 e5 38. Nxd3 cxd3+ 39. Kxd3 Kd6 40. c4
bxc4+ 41. Rxc4 Kxd5 42. Rc7 Rb8 43. e4+ Kd6 44. Rg7 Rb3+ 45. Kc4 1/2-1/2

[Event "DLM 2010"]
[Site "Stuttgart GER"]
[Date "2010.11.17"]
[Round "1"]
[White "Takeuchi, Eiki"]
[Black "Valet, Alexander"]
[Result "1-0"]
[Termination "normal"]
[Board "5.4"]
[WhiteElo "1885"]
[BlackElo "1926"]
[WhiteTeam "Nordrhein-Westfalen"]
[BlackTeam "Mecklenburg-Vorpommern"]
[WhiteFideId "24663751"]
[BlackFideId "24682560"]
[EventCountry "GER"]
[EventRounds "7"]
[EventType "team-swiss"]
[EventDate "2010.11.16"]

1. e4 d5 2. exd5 Qxd5 3. Nc3 Qa5 4. Nf3 Nf6 5. Be2 c6 6. O-O Bg4 7. b4 Qc7 8.
Rb1 e6 9. b5 Be7 10. h3 Bh5 11. d3 O-O 12. bxc6 Nxc6 13. Nb5 Qd7 14. g4 Bg6 15.
Ba3 Rac8 16. Rb3 Nd5 17. Qd2 a6 18. Bxe7 Qxe7 19. Na3 b5 20. c4 bxc4 21. Nxc4
Rfd8 22. Rfb1 Rb8 23. Nfe5 Rxb3 24. Rxb3 Nxe5 25. Nxe5 Qc7 26. d4 a5 27. Bf3 f6
28. Nxg6 hxg6 29. Rb5 a4 30. Rc5 Qb6 31. Qc2 Nf4 32. Qxa4 Nxh3+ 33. Kh2 Ng5 34.
Bc6 Qb2 35. Rc2 Qxd4 36. Qxd4 Rxd4 37. Kg3 Rd3+ 38. Kg2 Ra3 39. Be8 Nf7 40. Rc7
Nh8 41. Bd7 e5 42. Be6+ Kh7 43. Rc1 1-0

[Event "DLM 2010"]
[Site "Stuttgart GER"]
[Date "2010.11.17"]
[Round "1"]
[White "Rogasch, Miriam"]
[Black "Kuckling, Hannah"]
[Result "0-1"]
[Termination "normal"]
[Board "5.5"]
[WhiteElo "1803"]
[BlackElo "1610"]
[WhiteTeam "Mecklenburg-Vorpommern"]
[BlackTeam "Nordrhein-Westfalen"]
[WhiteFideId "4616324"]
[BlackFideId "24603660"]
[EventCountry "GER"]
[EventRounds "7"]
[EventType "team-swiss"]
[EventDate "2010.11.16"]

1. e4 c5 2. Nf3 e6 3. c4 Nc6 4. d4 cxd4 5. Nxd4 Nf6 6. Nc3 Bb4 7. Ndb5 Nxe4 8.
Qg4 Nxc3 9. bxc3 Bf8 10. Bf4 e5 11. O-O-O d6 12. Qe2 Be7 13. c5 O-O 14. cxd6
exf4 15. dxe7 Qxe7 16. Qxe7 Nxe7 17. Bc4 Nc6 18. Rhe1 Bf5 19. Nd6 Bg6 20. Nxb7
Rab8 21. Rd7 Nd8 22. Ree7 Nxb7 23. Rxb7 Rxb7 24. Rxb7 Be4 25. Rxa7 Bxg2 26. a4
g6 27. Bb5 Rc8 28. Kb2 Rb8 29. Re7 Kf8 30. Re1 Bd5 31. Ka3 Rc8 32. Kb4 Rb8 33.
c4 Be6 34. a5 Ke7 35. a6 Kd6 36. Ka5 Kc5 37. Re5+ Kd4 38. Rxe6 fxe6 39. a7 Ra8
40. Kb6 e5 41. Bc6 Rxa7 42. Kxa7 Kxc4 43. Be4 Kd4 44. f3 Kc3 45. Kb6 g5 46. Kc5
g4 47. Kd5 g3 48. hxg3 fxg3 49. f4 0-1

[Event "DLM 2010"]
[Site "Stuttgart GER"]
[Date "2010.11.17"]
[Round "1"]
[White "Rempe, Moritz"]
[Black "Schmekel, Florian"]
[Result "1-0"]
[Termination "normal"]
[Board "5.6"]
[WhiteElo "1748"]
[BlackElo "1561"]
[WhiteTeam "Nordrhein-Westfalen"]
[BlackTeam "Mecklenburg-Vorpommern"]
[WhiteFideId "12906867"]
[BlackFideId "12913456"]
[EventCountry "GER"]
[EventRounds "7"]
[EventType "team-swiss"]
[EventDate "2010.11.16"]

1. e4 c5 2. Nf3 Nc6 3. d4 cxd4 4. Nxd4 g6 5. Nc3 Bg7 6. Be3 Nf6 7. Nb3 O-O 8.
Be2 d6 9. f4 a5 10. a4 Bd7 11. O-O Qc8 12. h3 Be6 13. Rb1 Nb4 14. Nd4 Bc4 15.
Ndb5 Nd7 16. Na3 Bxe2 17. Nxe2 Nc5 18. c3 Nba6 19. Qc2 Qc6 20. b4 axb4 21. cxb4
Qxe4 22. Bxc5 Qxc2 23. Nxc2 dxc5 24. f5 cxb4 25. Nxb4 Nc5 26. Nd5 Bf6 27. Rfc1
Ra5 28. Rb5 Rxb5 29. axb5 Ne4 30. fxg6 fxg6 31. Rc7 Nd6 32. Nxe7+ Bxe7 33. Rxe7
Nxb5 34. Rxb7 Nd6 35. Rd7 Nf5 36. Nf4 Rf7 37. Rd8+ Kg7 38. Kh2 Kh6 39. g4 Nh4
40. Kg3 Nf3 41. Kxf3 g5 42. Rd4 gxf4 43. Rxf4 Rxf4+ 44. Kxf4 Kg6 45. h4 h6 46.
Ke5 Kg7 47. h5 Kf7 48. Kf5 Kg7 49. Ke6 Kg8 50. Kf6 Kh7 51. Kf7 1-0

[Event "DLM 2010"]
[Site "Stuttgart GER"]
[Date "2010.11.17"]
[Round "1"]
[White "Schumann, Rabea"]
[Black "Orhan, Eda"]
[Result "0-1"]
[Termination "normal"]
[Board "5.7"]
[WhiteElo "1128"]
[BlackElo "1768"]
[WhiteTeam "Mecklenburg-Vorpommern"]
[BlackTeam "Nordrhein-Westfalen"]
[WhiteFideId "12918199"]
[BlackFideId "24659258"]
[EventCountry "GER"]
[EventRounds "7"]
[EventType "team-swiss"]
[EventDate "2010.11.16"]

1. e4 d5 2. exd5 Qxd5 3. Nc3 Qd6 4. d4 Nf6 5. Bc4 a6 6. Nf3 b5 7. Bb3 Bb7 8.
Be3 e6 9. O-O Nbd7 10. Qe2 c5 11. dxc5 Nxc5 12. Rad1 Qc6 13. Rd2 Nxb3 14. axb3
Bd6 15. Rfd1 Be7 16. Ne1 O-O 17. f3 Rac8 18. Nd3 Qc7 19. Nf2 Bc5 20. Nfe4 Nxe4
21. Nxe4 Bxe4 22. fxe4 Qe5 23. Bxc5 Rxc5 24. c3 Qf4 25. g3 Qg5 26. Rd6 a5 27.
Ra6 b4 28. cxb4 axb4 29. Rb6 Rc1 30. Rxb4 Qc5+ 31. Kg2 Rxd1 32. Qxd1 Qxb4 0-1

[Event "DLM 2010"]
[Site "Stuttgart GER"]
[Date "2010.11.17"]
[Round "1"]
[White "Reksten, Anne"]
[Black "Sadewasser, Lucie"]
[Result "0-1"]
[Termination "normal"]
[Board "5.8"]
[WhiteElo "1407"]
[BlackElo "1279"]
[WhiteTeam "Nordrhein-Westfalen"]
[BlackTeam "Mecklenburg-Vorpommern"]
[WhiteFideId "24692778"]
[BlackFideId "12905445"]
[EventCountry "GER"]
[EventRounds "7"]
[EventType "team-swiss"]
[EventDate "2010.11.16"]

1. c4 d5 2. cxd5 Qxd5 3. Nc3 Qd8 4. d4 e6 5. g3 Nf6 6. Bg2 c6 7. e4 Bb4 8. Nge2
Nbd7 9. O-O h6 10. a3 Ba5 11. b4 Bb6 12. Na4 a6 13. Bb2 Bc7 14. Rc1 Nb6 15. Nc5
Nfd7 16. Nd3 f6 17. Qc2 Nb8 18. Rfe1 Rf8 19. f4 Rf7 20. Bf3 Re7 21. a4 N6d7 22.
Bh5+ Kf8 23. Ba3 Nb6 24. a5 N6d7 25. b5 Bxa5 26. Bxe7+ Qxe7 27. bxc6 Nxc6 28.
Red1 Bb6 29. Nc5 Nxc5 30. dxc5 Ba7 31. Rd6 Qxd6 32. Kh1 Qe7 33. Bf3 Bd7 34. Qb3
Rb8 35. Qc4 Rc8 36. Qb3 Nd8 37. e5 fxe5 38. fxe5 Rxc5 39. Rxc5 Qxc5 40. Qd3 Qe3
41. Qxd7 Qxf3# 0-1